000
00316nam a22001457a 4500
008
210527b ||||| |||| 00| 0 eng d
020
_a
9780521774406
041
_a
eng
080
_a
32
082
_a
32
100
_a
20
101
_a
POL
245
_a
Contesting Global Governance
_c
O'Brien,R
942
_2
udc
_c
BK
999
_c
57728
_d
57728